Introduction to sociology / (Record no. 10644)
[ view plain ]
| 000 -LEADER | |
|---|---|
| fixed length control field | 00573nam a22002052 4500 |
| 001 - CONTROL NUMBER | |
| control field | 0000003112 |
| 005 - DATE AND TIME OF LATEST TRANSACTION | |
| control field | 20151217154337.0 |
| 008 - FIXED-LENGTH DATA ELEMENTS--GENERAL INFORMATION | |
| fixed length control field | 070427s xx 000 0 eng d |
| 020 ## - INTERNATIONAL STANDARD BOOK NUMBER | |
| Terms of availability | KES 240 |
| 040 ## - CATALOGING SOURCE | |
| Original cataloging agency | KABU |
| Transcribing agency | KABU |
| 050 #0 - LIBRARY OF CONGRESS CALL NUMBER | |
| Classification number | HM51 |
| Item number | .O34 1993 |
| 100 1# - MAIN ENTRY--PERSONAL NAME | |
| Personal name | Odegi-Awuondo, Casper. |
| -- | 0000159977 |
| 245 10 - TITLE STATEMENT | |
| Title | Introduction to sociology / |
| Statement of responsibility, etc. | Casper Odegi-Awuondo. |
| 260 ## - PUBLICATION, DISTRIBUTION, ETC. (IMPRINT) | |
| Place of publication, distribution, etc. | Nairobi : |
| Name of publisher, distributor, etc. | Basic Books, |
| Date of publication, distribution, etc. | 1993. |
| 300 ## - PHYSICAL DESCRIPTION | |
| Extent | xi, 83 p. |
| 650 #0 - SUBJECT ADDED ENTRY--TOPICAL TERM | |
| Topical term or geographic name as entry element | Sociology. |
| -- | 0000099021 |
| 908 ## - PUT COMMAND PARAMETER (RLIN) | |
| Put command parameter | 070427 |
| 950 ## - LOCAL HOLDINGS (RLIN) | |
| -- | 1 |
| Withdrawn status | Lost status | Source of classification or shelving scheme | Not for loan | Home library | Current library | Date acquired | Total Checkouts | Full call number | Barcode | Date last seen | Date last checked out | Price effective from | Koha item type |
|---|---|---|---|---|---|---|---|---|---|---|---|---|---|
| Library of Congress Classification | Kabarak, Main Campus | Kabarak, Main Campus | 17/12/2015 | 12 | HM51 .O34 1993 c. 8 | 007681 | 22/10/2019 | 07/10/2019 | 17/12/2015 | General Collection |